Motivačná funkcia daní diplomová práca

Uložené v:
Podrobná bibliografia
Hlavný autor: Hojová, Elena
Korporativný autor: Národohospodárska fakulta EU. Katedra financií
Ďalší autori: Schultzová, Anna
Médium: Kniha
Jazyk:Slovak
Vydavateľské údaje: Bratislava 2019
Tagy: Pridať tag
Žiadne tagy, Buďte prvý, kto otaguje tento záznam!

MARC

LEADER 00000nbm a2200000 4500
001 0254963
005 20190724130823.5
041 0 |a slo 
044 |a SK 
245 1 0 |a Motivačná funkcia daní  |b diplomová práca  |c Elena Hojová ; školiteľ: Anna Schultzová 
264 1 |a Bratislava  |c 2019 
300 |a 67 s. 
100 1 |a Hojová, Elena 
700 1 |a Schultzová, Anna 
710 2 |a Národohospodárska fakulta EU. Katedra financií